000 02604cam a2200301 i 4500
003 SA-RiAUC
005 20260125143713.0
008 260109q19001999pk g 000r0 ara c
040 _aSA-DmIAFU
_bara
_cSA-RiAUC
_erda
082 0 4 _a251
090 _aم ن 251
_bا م ا
100 1 _aإمام الحرمين، عبد الملك بن عبد الله بن يوسف،
_d419-478 هجري
_eمؤلف.
245 1 0 _aمغيث الخلق في ترجيح القول الحق /
_cلأبي المعالي عبد الملك الجويني.
264 1 _aفيصل آباد، باكستان :
_bحديث أكادمي،
_c[بين 1900 و1999]
300 _aصفحة ؛
_c29سم
336 _aنص
_btxt
_2rdacontent
_3كتاب
337 _aبدون وسيط
_bn
_2rdamedia
338 _aمجلد
_bnc
_2rdacarrier
500 _aنسخة مراجعة على ثلاث نسخ خطية محفوظة بدار الكتب العربية.
650 7 _aالفقه الشافعي
_2aucsh
650 7 _aأصول الفقه الإسلامي
_2aucsh
856 4 _uhttp://10.0.0.80:4045/60000000034346.pdf
856 _uhttp://dlib.nyu.edu/aco/book/columbia_aco000837/1?lang=ar
_yDigital Copy
_2 نرجو الانتباه لإمكانية وجود اختلاف في الطبعة أو الناشر بين البيانات على البوابة وما ستجده على الكتاب نظرا لمحدودية المعلومات المتاحة على الموقع الناشر للمادة.
_3Please note that there may be a difference in the edition or publisher between the data on the portal and the book due to the limited information available on the publisher website for the material.
856 _uhttp://dl-img.home.nyu.edu/adore-djatoka/resolver?url_ver=Z39.88-2004&svc_id=info%3Alanl-repo/svc/getRegion&svc_val_fmt=info%3Aofi/fmt%3Akev%3Amtx%3Ajpeg2000&svc.format=image/jpeg&rft_id=http%3A//dlib.nyu.edu/files/books/columbia_aco000837/columbia_aco000837_afr01_d.jp2&svc.scale=230
_yCoverImage
_2 نرجو الانتباه لإمكانية وجود اختلاف في الطبعة أو الناشر بين البيانات على البوابة وما ستجده على الكتاب نظرا لمحدودية المعلومات المتاحة على الموقع الناشر للمادة.
_3Please note that there may be a difference in the edition or publisher between the data on the portal and the book due to the limited information available on the publisher website for the material.
942 _2ddc
_cRBOOK COPY
_n0
949 _aSA-JeALM
_d260109
_umohamedma123
_n1
999 _c14174
_d14174